<?xml version="1.0" encoding="UTF-8"?>
<collection xmlns="http://www.loc.gov/MARC21/slim">
  <record>
    <leader>00000nam  2200000   4500</leader>
    <controlfield tag="001">INLIS000000000020308</controlfield>
    <controlfield tag="005">20250611094440</controlfield>
    <datafield tag="035" ind1="#" ind2="#">
      <subfield code="a">0010-0625000050</subfield>
    </datafield>
    <controlfield tag="007">ta</controlfield>
    <controlfield tag="008">250611################|##########|#|##</controlfield>
    <datafield tag="084" ind1="#" ind2="#">
      <subfield code="a">R 0021 PKN I 2024</subfield>
    </datafield>
    <datafield tag="100" ind1=" " ind2="#">
      <subfield code="a">I Gusti Ngurah Rai Mahaputra</subfield>
    </datafield>
    <datafield tag="245" ind1="1" ind2="#">
      <subfield code="a">Tata Kelola Tindak Lanjut Laporan Hasil Pemeriksaan (LHP) Berbasis Teknologi Informasi dan Komunikasi (TIK) Guna Menjaga Integritas Polri /</subfield>
      <subfield code="c">I Gusti Ngurah Rai Mahaputra</subfield>
    </datafield>
    <datafield tag="260" ind1="#" ind2="#">
      <subfield code="a">Jakarta :</subfield>
      <subfield code="b">Pusbangkom Pimnas dan Manajerial ASN,</subfield>
      <subfield code="c">2024</subfield>
    </datafield>
    <datafield tag="300" ind1="#" ind2="#">
      <subfield code="a">43 halaman ;</subfield>
      <subfield code="c">30 cm</subfield>
    </datafield>
    <datafield tag="650" ind1="#" ind2="4">
      <subfield code="a">Teknologi Informasi dan Komunikasi</subfield>
    </datafield>
    <datafield tag="650" ind1="#" ind2="4">
      <subfield code="a">Laporan Hasil Pemeriksaan</subfield>
    </datafield>
    <datafield tag="520" ind1="#" ind2="#">
      <subfield code="a">Inovasi kebijakan yang dibuat dalam Proper ini berdasarkan kondisi saat ini yang ada di Itwasum Polri, mulai dari Laporan Hasil Pemeriksaan (LHP) banyak yang belum ditindak lanjuti, Pimpinan baru dan Auditor baru menemukan masalah yang sama dan berulang tak kunjung selesai, LHP tidak memiliki bank data yang dapat diakses dengan mudah dan berkelanjutan, dan proses pemeriksaan masih belum memanfaatkan TIK dengan optimal.</subfield>
    </datafield>
    <datafield tag="990" ind1="#" ind2="#">
      <subfield code="a">2024/12.1/A/0021</subfield>
    </datafield>
  </record>
</collection>
